Statistiques concernant Cantons de Loire-Atlantique

Cliquez ici pour prendre le quiz!

Statistiques générales

  • Ce quiz a été pris 120 fois
  • Le résultat moyen est 23 sur 31

Statistiques - réponses

HintRéponse% Correct
11Nantes-1
100%
12Nantes-2
100%
13Nantes-3
100%
14Nantes-4
100%
15Nantes-5
100%
16Nantes-6
100%
17Nantes-7
100%
26Saint-Nazaire-1
96%
27Saint-Nazaire-2
96%
3Blain
85%
2La Baule-Escoublac
83%
20Pornic
82%
1Ancenis
79%
6Châteaubriant
76%
24Saint-Herblain-1
76%
25Saint-Herblain-2
76%
21Rezé-1
75%
22Rezé-2
75%
4Carquefou
69%
7Clisson
68%
9Guérande
66%
31Vertou
62%
5La Chapelle-sur-Erdre
54%
19Pontchâteau
54%
10Machecoul
49%
29Saint-Sébastien-sur-Loire
49%
18Nort-sur-Erdre
48%
23Saint-Brevin-les-Pins
48%
28Saint-Philbert-de-Grand-Lieu
41%
8Guémené-Penfao
37%
30Vallet
37%

Distribution des résultats

Percentile par nombre de réponses

% des personnes avec chaque résultat

Votre développement - résultats

Vous n’avez pas pris ce quiz